| 000 | 01103nam a2200241 a 4500 | ||
|---|---|---|---|
| 001 | 55892 | ||
| 003 | BD-RjUL | ||
| 005 | 20211209080328.0 | ||
| 008 | 161122s1966 bg ||||| |||| 001 0 ben d | ||
| 035 | _a(BD-RjUL)56016 | ||
| 040 |
_aBD-RjUL _bben _cBD-RjUL _dBD-RjUL |
||
| 041 | _aben | ||
| 082 |
_223 _a346.075492 _bFAB 1966 |
||
| 100 | 1 |
_aফারুকী, মোঃ নুরুল ইসলাম _9136762 |
|
| 245 | 1 | 0 |
_aবাণিজ্যিক ও শিল্প আইন = [Commercial & Industial Law] / _cমোঃ নুরুল ইসলাম ফারুকী, মোঃ মোজাহার জামিল ও আলমগীর হোসেন |
| 260 |
_aঢাকা : _bকাজী প্রকাশন, _c১৯৬৬ |
||
| 300 |
_axxxii, ৮১৬ পৃ. ; _c২০ সেমি. |
||
| 650 |
_aবাণিজ্যিক আইন _zবাংলাদেশ _9143814 |
||
| 650 |
_aCommercial law _zBangladesh _9143815 |
||
| 700 |
_aজামিল, মোঃ মোজাহার _9166402 |
||
| 700 |
_aহোসেন, আলমগীর _9166403 |
||
| 942 |
_2ddc _cBK |
||
| 999 |
_c55892 _d55892 |
||